000 00614nam a2200205Ia 4500
003 GCL
008 140319s9999 xx 000 0 ara d
040 _aGCL /
_cGCL
082 0 4 _aق
_b323.11
_bس ى
100 1 _aسعيدة محمد حسنى
245 1 0 _aاليهود فى مصر 1882 - 1948 /
_cسعيدة محمد حسنى
700 1 _aيونان لبيب رزق
260 _a[S.N] :
_bالهيئة المصرية العامة للكتاب ،
_c1993
300 _a255
490 _a
650 0 4 _aالتعليم
650 0 4 _aاليهود فى مصر
650 0 4 _aالتجارة
942 _2ddc
_cBK
999 _c30995
_d30995